00679nam a2200205 i 450000100060000000300090000600500170001500700030003200800410003502000180007610000330009424501020012726000630022930000220029249000470031450000120036150400200037383000470039385200330044050693ES-MaACL20230906162224.0t|030806s1986 sp ||||1| spa d a84-7299-165-21 aCudeiro González, Vicente.13aLa finalidad en la naturaleza b: un debate con Nicolás Hartmann /cVicente Cudeiro González. aSalamanca : bUniversidad Pontificia de Salamanca, c1986. a255 p. ; c24 cm.1 aBiblioteca Salmanticensis. Estudios ; v81 aIndice. aBibliografía.0 aBiblioteca Salmanticensis. Estudios ; v81 aES-MaACLjL-12391 bR.114528